| 000 | 00887 a2200229 4500 | ||
|---|---|---|---|
| 001 | 41225 | ||
| 005 | 20260407155706.0 | ||
| 008 | 260407a2004 arg spa d | ||
| 003 | AR-UNSa-BCEJYS | ||
| 040 |
_aAR-UNSa-BCEJYS _bspa _cAR-UNSa-BCEJYS |
||
| 080 |
_a(038)34 _xDiccionario de Derecho |
||
| 245 | 1 | 0 |
_aEtimologías de derecho civil _plas raíces de la lengua jurídica aplicada |
| 020 | _a950-894-455-2 | ||
| 264 | 1 |
_aBuenos Aires : _bAD-HOC _c2004 |
|
| 300 |
_a168 p. _c23 cm. |
||
| 505 | _a1. Parte general - 2. Derecho de las obligaciones - 3. Derecho de los contratos - 4. Derechos reales - 5. Derecho de familia - 6. Derecho de las sucesiones | ||
| 041 | _aspa | ||
| 942 | _cBK | ||
| 590 | _aniveau_biblio:m niveau_hierar:0 | ||
| 100 | 1 | _aSoligo Schuler, Nicolás A. | |
| 856 | 4 | 1 |
_uhttps://biblioeco.unsa.edu.ar/pmb/images/libros/L126466.jpg _yImagen de portada _qimage/jpeg |
| 999 |
_c3438 _d3438 |
||